书目信息 |
| 书名: | Discovering art history | |
| 作者: | Gerald F. Brommer, with David Kohl. | |
| 分册号: | ||
| 分册名: | 出版地: | Worcester, Mass. : |
|
| 出版社: | Davis Publications | |
| 出版时间: | c1988. | |
| 页数: | 540 p. : | |
| 开本: | 28 cm. | |
| 丛书名: | ||
| 中图分类号: | ||
| 科图分类号: | ||
| 其他分类号: | J0 | |
| 主题词: | ||
| 电子资源: | ||
| 000 | 01175nam a2200349 a 450 | |
| 001 | E0755406187 | |
| 005 | 20070424152700.70 | |
| 008 | 881028s1988 maua j b 001 0 eng | |
| 010 | @a88132205 | |
| 020 | @a0871921901. | |
| 035 | @A(DLC) 88132205 | |
| 040 | @aDLC@cDLC@dDLC | |
| 042 | @alcac | |
| 050 | 00 | @aN5308@b.B73 1988 |
| 082 | 00 | @a709@2 19 |
| 090 | @aJ0 | |
| 099 | @dJ0@ex20=2 | |
| 100 | 1 | @aBrommer, Gerald F. |
| 245 | 10 | @aDiscovering art history / @cGerald F. Brommer, with David Kohl. |
| 250 | @a2nd ed. | |
| 260 | @aWorcester, Mass. :@bDavis Publications,@cc1988. | |
| 300 | @a540 p. :@bill. (some col.) ;@c28 cm. | |
| 500 | @aIncludes index. | |
| 504 | @aBibliography: p. 529-530. | |
| 520 | @aA textbook covering the world and work of the artist, trends and influences in world art, and art in the western world. | |
| 650 | 0 | @aArt appreciation@xJuvenile literature. |
| 650 | 0 | @aArt@xHistory@xJuvenile literature. |
| 650 | 1 | @aArt@xHistory. |
| 650 | 1 | @aArt appreciation. |
| 700 | 1 | @aKohl, David. |
| 906 | @a7@bcbc@corignew@d3@encip@f19@gy-gencatlg | |
| 991 | @bc-GenColl@hN5308@i.B73 1988@p00000309515@tCopy 1@wBOOKS | |
| Discovering art history / / Gerald F. Brommer, with David Kohl.-2nd ed.-Worcester, Mass. : : Davis Publications, , c1988. |
| 540 p. : : ill. (some col.) ; ; 28 cm. |
| Includes index.-Bibliography: p. 529-530.-A textbook covering the world and work of the artist, trends and influences in world art, and art in the western world. |
| ISBN 0871921901. |
| A textbook covering the world and work of the artist, trends and influences in world art, and art in the western world. |
| ● |
| 相关链接 |
|
|
|
|
正题名:Discovering art history
索取号:J0/x20=2
 
预约/预借
| 序号 | 登录号 | 条形码 | 馆藏地/架位号 | 状态 | 备注 |
| 1 | 5172 | 300051725 | 第二样本阅览室/ [索取号:J0/x20=2] | 在馆 |